Normal view
MARC view
Entry Personal Name
001 - CONTROL NUMBER
- control field: 4140
003 - CONTROL NUMBER IDENTIFIER
- control field: OSt
005 - DATE AND TIME OF LATEST TRANSACTION
- control field: 20110514153908.0
008 - FIXED-LENGTH DATA ELEMENTS
- fixed length control field: 110514|||a|||||| | ||| d
040 ## - CATALOGING SOURCE
- Original cataloging agency: OSt
- Transcribing agency: OSt
100 ## - HEADING--PERSONAL NAME
- Personal name: Walton, Raymond,
- Titles and other words associated with a name: Sir.
670 ## - SOURCE DATA FOUND
- Source citation: Work cat.: (OSt)1989: The Encyclopaedia of forms and precedents Vol 4 (2) : Businesses /, 1985-
